| 000 | 00922nam a22002417a 4500 | ||
|---|---|---|---|
| 005 | 20170123164141.0 | ||
| 010 | _aA-978372 | ||
| 020 | _c160.00 | ||
| 035 | _aA-978372 | ||
| 040 |
_aDPL _bPN |
||
| 082 |
_a852 _bਰਾਜਵੰ |
||
| 100 |
_aਰਾਣਾ, ਰਾਜਵੰਤ ਸਿੰਘ _93639 |
||
| 245 |
_aਮੇਰੀਆਂ ਨਾਟ ਰਚਨਾਵਾਂ / _c ਰਾਜਵੰਤ ਸਿੰਘ ਰਾਣਾ |
||
| 246 |
_aMarian naat rachnavan _bby Jaswant singh rana |
||
| 260 |
_aਦਿੱਲੀ _bਅੈਚ.ਕੇ. ਪ੍ਰਕਾਸ਼ਨ |
||
| 270 |
_a16/16 ਫਸਟ ਫਲੋਰ, ਗੀਤਾ ਕਲੋਨੀ, _bਦਿੱਲੀ |
||
| 300 |
_a160p. _c24cm(Hb) |
||
| 650 |
_aਪੰਜਾਬੀ ਨਾਟਕ _91413 |
||
| 650 |
_aਪੰਜਾਬੀ ਸਾਹਿਤ _9779 |
||
| 650 |
_aPunjabi drama _915261 |
||
| 650 |
_aPunjabi Literature _9781 |
||
| 942 |
_2ddc _cPN _h852 _mਰਾਜਵੰ |
||
| 999 |
_c109669 _d109669 |
||